[Event "XII C.to Italiano U20"]
[Site "Bratto - Castione della Presolana ITA"]
[Date "2004.08.26"]
[Round "7"]
[White "Imbraguglia, Fabio"]
[Black "Polilli, Andrea"]
[Result "1/2-1/2"]
[WhiteElo "1988"]
[BlackElo "1679"]
[PlyCount "76"]
[EventDate "2004.08.20"]

1. d4 Nf6 2. c4 c5 3. d5 b5 4. cxb5 a6 5. f3 axb5 6. e4 Qa5+ 7. Bd2 b4 8. Na3
d6 9. Nc4 Qa7 10. Bd3 g6 11. Ne2 Bg7 12. O-O Nbd7 13. a3 bxa3 14. Rxa3 Qb8 15.
Qa1 Rxa3 16. Qxa3 O-O 17. Rb1 Bb7 18. b4 cxb4 19. Bxb4 Qc7 20. Qa5 Qc8 21. Nc3
Nh5 22. Nb5 Nf4 23. Bf1 f5 24. Bxd6 Bxd5 25. exd5 exd6 26. Nbxd6 Qc5+ 27. Qxc5
Nxc5 28. Rd1 Rd8 29. g3 Nh5 30. Nb5 Nf6 31. Na5 Ne8 32. Nc6 Rd7 33. Bc4 Nd6 34.
Nxd6 Rxd6 35. Rb1 Nd7 36. Rb7 Kf8 37. Rc7 Nb6 38. Nb4 Bc3 1/2-1/2

[Event "XII C.to Italiano U20"]
[Site "Bratto - Castione della Presolana ITA"]
[Date "2004.08.26"]
[Round "7"]
[White "Kidane, Robel"]
[Black "Lettieri, Giuseppe"]
[Result "0-1"]
[WhiteElo "2081"]
[BlackElo "2144"]
[PlyCount "60"]
[EventDate "2004.08.20"]

1. e4 c5 2. Nf3 d6 3. d4 cxd4 4. Nxd4 Nf6 5. Nc3 g6 6. Bc4 Bg7 7. Be3 O-O 8. f3
Nc6 9. Bb3 Bd7 10. Qd2 Rc8 11. O-O-O Ne5 12. Bh6 Bxh6 13. Qxh6 Rxc3 14. bxc3
Qa5 15. Qe3 Rc8 16. Kb1 Qb6 17. Ka1 a5 18. Nf5 Qd8 19. Ng3 a4 20. Bd5 Qa5 21.
Rb1 b5 22. a3 Rxc3 23. Qd4 Nxd5 24. exd5 Nc4 25. Rbe1 Rxa3+ 26. Kb1 Qb4+ 27.
Kc1 Rc3 28. Rxe7 Qb2+ 29. Kd1 Qb1+ 30. Ke2 Rxc2+ 0-1

[Event "XII C.to Italiano U20"]
[Site "Bratto - Castione della Presolana ITA"]
[Date "2004.08.26"]
[Round "7"]
[White "Longo, Aldo"]
[Black "Cantu', Guido"]
[Result "1-0"]
[WhiteElo "1888"]
[BlackElo "1700"]
[PlyCount "47"]
[EventDate "2004.08.20"]

1. e4 c5 2. Nc3 Nc6 3. f4 g6 4. Nf3 Bg7 5. d3 d6 6. g3 e6 7. Bg2 Nge7 8. O-O
O-O 9. Be3 Nd4 10. e5 Nxf3+ 11. Bxf3 dxe5 12. fxe5 Bxe5 13. Bxc5 Qc7 14. d4 Rd8
15. Qe2 Bg7 16. Nb5 Qd7 17. c3 a6 18. Nd6 Rb8 19. Nc4 b5 20. Ne5 Bxe5 21. Qxe5
Bb7 22. Qg5 Bxf3 23. Bxe7 Re8 24. Bf6 1-0

[Event "XII C.to Italiano U20"]
[Site "Bratto - Castione della Presolana ITA"]
[Date "2004.08.26"]
[Round "7"]
[White "Mandolini, Riccardo"]
[Black "D'Apa, Matteo"]
[Result "1-0"]
[WhiteElo "1799"]
[BlackElo "1939"]
[PlyCount "81"]
[EventDate "2004.08.20"]

1. Nc3 e5 2. d4 exd4 3. Qxd4 Nc6 4. Qd3 Nf6 5. Bf4 d6 6. e4 Be7 7. O-O-O Be6 8.
Be2 O-O 9. Qg3 a6 10. e5 Ne8 11. Nf3 Qc8 12. Kb1 b5 13. h4 b4 14. Ne4 dxe5 15.
Bxe5 Nxe5 16. Nxe5 c5 17. Bf3 Ra7 18. Nc6 Bxa2+ 19. Kxa2 Qxc6 20. Kb1 Qa4 21.
Qf4 Qb5 22. Qe3 a5 23. h5 a4 24. Be2 Qa5 25. Nd2 a3 26. Nc4 Qc7 27. bxa3 bxa3
28. Ka2 Nd6 29. h6 Nf5 30. Qe4 g6 31. Bg4 Nd4 32. c3 Nb5 33. Rh3 Bf6 34. Rd7
Qb8 35. Rdd3 Re8 36. Qc6 Nxc3+ 37. Rxc3 Bxc3 38. Rxc3 Rc7 39. Qf6 Kf8 40. Re3
Rxe3 41. Qh8+ 1-0

[Event "XII C.to Italiano U20"]
[Site "Bratto - Castione della Presolana ITA"]
[Date "2004.08.26"]
[Round "7"]
[White "Napoli, Nicolo'"]
[Black "Bonagura, Stefano"]
[Result "1-0"]
[WhiteElo "2172"]
[BlackElo "1784"]
[PlyCount "119"]
[EventDate "2004.08.20"]

1. f3 Nf6 2. Kf2 g6 3. e4 d6 4. d4 Bg7 5. Be3 Nbd7 6. Ne2 e5 7. Kg1 O-O 8. Ng3
exd4 9. Bxd4 Re8 10. Nc3 Ne5 11. Qd2 Be6 12. Rd1 Qe7 13. h4 h5 14. Be3 Qf8 15.
Nb5 Re7 16. b3 Nc6 17. c4 Rae8 18. Bd3 Ne5 19. Bb1 a6 20. Nd4 Bc8 21. Bg5 Kh7
22. Nde2 Rd7 23. Nf4 Ng8 24. Nh3 f6 25. Be3 Nh6 26. Nf2 Nhf7 27. f4 Nc6 28. Qe2
Rde7 29. Bc1 Nh6 30. Qc2 Qf7 31. a3 f5 32. Nh3 Kg8 33. Ng5 Qf8 34. c5 dxc5 35.
e5 b6 36. b4 Nd4 37. Qc4+ Ne6 38. bxc5 b5 39. Qc2 Ng4 40. Ba2 Kh8 41. Ne2 Nxg5
42. hxg5 Rd8 43. Rh3 Rxd1+ 44. Qxd1 Rd7 45. Nd4 Qxc5 46. Bb2 Bb7 47. Rd3 Be4
48. Rd2 Bd5 49. Bxd5 Rxd5 50. Kh1 Qb6 51. Qf3 Rd8 52. e6 Re8 53. Qd5 c5 54. Qd7
Rg8 55. Nc6 Bxb2 56. e7 Bc3 57. e8=Q Bxd2 58. Qee7 Nf2+ 59. Kg1 Nh3+ 60. Kf1
1-0

[Event "XII C.to Italiano U20"]
[Site "Bratto - Castione della Presolana ITA"]
[Date "2004.08.26"]
[Round "7"]
[White "Nizzardo, Mattia"]
[Black "Bartolini, Leonardo"]
[Result "1/2-1/2"]
[WhiteElo "1772"]
[BlackElo "1574"]
[PlyCount "97"]
[EventDate "2004.08.20"]

1. e4 e6 2. d4 d5 3. exd5 exd5 4. Bf4 Bd6 5. Bg3 Nf6 6. Bd3 Bg4 7. f3 Bh5 8.
Ne2 c6 9. c3 Qc7 10. O-O O-O 11. Qb3 Bxg3 12. Nxg3 Bg6 13. Qc2 Re8 14. Nd2 Nbd7
15. a4 Re3 16. Nf5 Bxf5 17. Bxf5 Rae8 18. f4 Qb6 19. Rf3 Qd8 20. Rxe3 Rxe3 21.
Nf3 Re7 22. Ne5 g6 23. Bd3 Nxe5 24. fxe5 Nd7 25. Rf1 Re6 26. Qf2 f6 27. c4 Qe7
28. cxd5 cxd5 29. Bb5 f5 30. Qf3 Nb6 31. a5 Nc4 32. Qxd5 Ne3 33. Qb3 Nxf1 34.
Bc4 Kg7 35. Bxe6 Nd2 36. Qd5 Kf8 37. Bg8 Ne4 38. a6 bxa6 39. Qa8+ Kg7 40. Qd5
Qb4 41. Qf7+ Kh6 42. Qxh7+ Kg5 43. h4+ Kf4 44. Qh6+ g5 45. Qxa6 Qxd4+ 46. Kh1
Qf2 47. Qd3 Ng3+ 48. Kh2 Nf1+ 49. Kh1 1/2-1/2

[Event "XII C.to Italiano U20"]
[Site "Bratto - Castione della Presolana ITA"]
[Date "2004.08.26"]
[Round "7"]
[White "Pagan, Andrea"]
[Black "Basso, Piergiorgio"]
[Result "1-0"]
[WhiteElo "1679"]
[BlackElo "1742"]
[PlyCount "55"]
[EventDate "2004.08.20"]

1. d4 Nf6 2. c4 g6 3. Nc3 Bg7 4. e4 d6 5. f4 O-O 6. Be2 Nbd7 7. Nf3 Kh8 8. O-O
e5 9. fxe5 dxe5 10. dxe5 Ng4 11. e6 fxe6 12. Ng5 Rxf1+ 13. Bxf1 Qf6 14. Qxg4
Qd4+ 15. Kh1 Nf6 16. Qf4 e5 17. Qe3 h6 18. Nf3 Ng4 19. Qxd4 exd4 20. Nd5 c6 21.
Ne7 Bd7 22. Nxg6+ Kh7 23. Nf4 Nf2+ 24. Kg1 Nxe4 25. Bd3 Bf5 26. Nh4 Bg6 27.
Nhxg6 Nc5 28. Bf5 1-0

[Event "XII C.to Italiano U20"]
[Site "Bratto - Castione della Presolana ITA"]
[Date "2004.08.26"]
[Round "7"]
[White "Procacci, Sergio"]
[Black "Lampl, Gerald"]
[Result "1-0"]
[WhiteElo "1756"]
[BlackElo "1841"]
[PlyCount "87"]
[EventDate "2004.08.20"]

1. e4 e5 2. f4 d6 3. Nf3 Nc6 4. Bb5 Bd7 5. O-O exf4 6. d4 g5 7. Bxc6 bxc6 8. e5
d5 9. c4 Nh6 10. Nc3 Be6 11. Qa4 Bd7 12. Qa6 g4 13. cxd5 gxf3 14. Rxf3 Qc8 15.
Qc4 cxd5 16. Nxd5 c6 17. Nf6+ Kd8 18. Bd2 a5 19. Rc1 Qa6 20. Qa4 Qb5 21. Qc2
Bg7 22. Bxf4 Bxf6 23. Bxh6 Be7 24. d5 Qxd5 25. Rd3 Qe6 26. Rcd1 Ra7 27. Be3 Rb7
28. Bb6+ Rxb6 29. Rxd7+ Qxd7 30. Rxd7+ Kxd7 31. Qc3 Rhb8 32. b3 Rb5 33. Qh3+
Ke8 34. Qxh7 Bc5+ 35. Kf1 Ke7 36. Qh4+ Ke6 37. Qf6+ Kd5 38. Ke2 Bb4 39. Kd3
R5b7 40. Qf5 c5 41. e6+ Kc6 42. exf7 Rf8 43. Qe6+ Kb5 44. a4# 1-0

[Event "XII C.to Italiano U20"]
[Site "Bratto - Castione della Presolana ITA"]
[Date "2004.08.26"]
[Round "7"]
[White "Reduzzi, Maurizio"]
[Black "Forato, Enrico"]
[Result "1-0"]
[WhiteElo "2114"]
[BlackElo "1739"]
[PlyCount "77"]
[EventDate "2004.08.20"]

1. d4 Nf6 2. Nf3 g6 3. g3 Bg7 4. Bg2 O-O 5. O-O d6 6. b3 Nbd7 7. Bb2 Nh5 8. c4
e5 9. e4 exd4 10. Bxd4 Nhf6 11. Re1 Re8 12. Qc2 Nf8 13. Bb2 Ne6 14. Nc3 c6 15.
Rad1 Qc7 16. h3 a5 17. Ba3 Rd8 18. Qd2 Ne8 19. Kh2 Qb6 20. Na4 Qa7 21. Bb2 Rb8
22. Bxg7 N6xg7 23. Nd4 Ne6 24. Nc2 Nc5 25. Nc3 Be6 26. Nd4 Qb6 27. f4 Nf6 28.
f5 Bc8 29. Qg5 Kg7 30. fxg6 h6 31. Qf4 fxg6 32. Rf1 Rf8 33. Qxd6 Na6 34. e5 Qd8
35. exf6+ Kh7 36. Qxd8 Rxd8 37. Nf3 Rf8 38. Ne5 Be6 39. Be4 1-0

[Event "XII C.to Italiano U20"]
[Site "Bratto - Castione della Presolana ITA"]
[Date "2004.08.26"]
[Round "7"]
[White "Regorda, Massimiliano"]
[Black "Santacroce, Fidel"]
[Result "1/2-1/2"]
[WhiteElo "1703"]
[BlackElo "1661"]
[PlyCount "82"]
[EventDate "2004.08.20"]

1. e4 c5 2. Nf3 d6 3. d4 cxd4 4. Nxd4 Nf6 5. Nc3 a6 6. Be3 g6 7. Be2 Bg7 8. O-O
O-O 9. Qd2 Nc6 10. Rad1 Nxd4 11. Bxd4 Be6 12. f4 Rc8 13. Rf3 b5 14. a3 Ne8 15.
f5 Bc4 16. Bxc4 Bxd4+ 17. Qxd4 Rxc4 18. Qe3 Nf6 19. Rg3 Qc8 20. Rd4 Rxd4 21.
Qxd4 Qc5 22. Qxc5 dxc5 23. fxg6 hxg6 24. e5 Nh7 25. Rd3 f6 26. exf6 Nxf6 27.
Nd5 Nxd5 28. Rxd5 Rf5 29. Rxf5 gxf5 30. Kf2 e5 31. Kf3 Kf7 32. g4 f4 33. h4 Kg6
34. b4 cxb4 35. axb4 Kh6 36. g5+ Kh5 37. c3 Kg6 38. Kg4 Kg7 39. h5 Kf7 40. h6
Kg6 41. Kf3 Kh7 1/2-1/2

[Event "XII C.to Italiano U20"]
[Site "Bratto - Castione della Presolana ITA"]
[Date "2004.08.26"]
[Round "7"]
[White "Rombaldoni, Denis"]
[Black "Massironi, Marco"]
[Result "1-0"]
[WhiteElo "2224"]
[BlackElo "2121"]
[PlyCount "109"]
[EventDate "2004.08.20"]

1. d4 Nf6 2. c4 g6 3. Nc3 d5 4. Nf3 Bg7 5. Bg5 Ne4 6. cxd5 Nxg5 7. Nxg5 c6 8.
e3 e6 9. Nge4 cxd5 10. Bb5+ Nd7 11. Nd6+ Ke7 12. Nxc8+ Rxc8 13. O-O Qa5 14. Qb3
Rhd8 15. Rac1 Nf6 16. Bd3 Nd7 17. Rc2 Nb6 18. a4 Bf8 19. Qb5 Qxb5 20. axb5 Nc4
21. Na4 b6 22. Bxc4 Rxc4 23. Rxc4 dxc4 24. Rc1 Bg7 25. f4 f6 26. Rxc4 e5 27.
Rc7+ Rd7 28. Rxd7+ Kxd7 29. Kf2 Kd6 30. Nc3 exd4 31. exd4 f5 32. Ke3 h6 33. Kd3
g5 34. fxg5 hxg5 35. Nd1 Bf6 36. Ne3 Ke6 37. Kc4 Be7 38. h3 Bd6 39. Nd5 g4 40.
hxg4 fxg4 41. Nb4 Kf5 42. Nc6 Ke4 43. Nxa7 g3 44. Nc8 Bb8 45. Nxb6 Ke3 46. Nd7
Kf2 47. Nxb8 Kxg2 48. d5 Kf3 49. d6 g2 50. d7 g1=Q 51. d8=Q Qc1+ 52. Kb4 Qxb2+
53. Ka5 Qa3+ 54. Kb6 Qe3+ 55. Kb7 1-0

[Event "XII C.to Italiano U20"]
[Site "Bratto - Castione della Presolana ITA"]
[Date "2004.08.26"]
[Round "7"]
[White "Ronchetti, Niccolo'"]
[Black "Buchicchio, Giampaolo"]
[Result "1/2-1/2"]
[WhiteElo "2216"]
[BlackElo "2291"]
[PlyCount "56"]
[EventDate "2004.08.20"]

1. e4 c5 2. Nf3 Nc6 3. Bb5 g6 4. Bxc6 dxc6 5. d3 Bg7 6. h3 Nf6 7. Be3 c4 8. Nc3
cxd3 9. cxd3 e5 10. Qd2 O-O 11. O-O-O Re8 12. d4 exd4 13. Bxd4 Qa5 14. Qf4 Nh5
15. Qh4 Be6 16. g4 Bxd4 17. Rxd4 Ng7 18. Ng5 h5 19. gxh5 Nxh5 20. Nxe6 Rxe6 21.
f4 Rf6 22. f5 Rd8 23. Rhd1 Rxd4 24. Rxd4 Qe5 25. Rd7 b5 26. a3 Qf4+ 27. Qxf4
Nxf4 28. fxg6 fxg6 1/2-1/2

[Event "XII C.to Italiano U20"]
[Site "Bratto - Castione della Presolana ITA"]
[Date "2004.08.26"]
[Round "7"]
[White "Rostolis, Riccardo"]
[Black "Bdair, Bilal"]
[Result "1-0"]
[WhiteElo "1709"]
[BlackElo "2012"]
[PlyCount "41"]
[EventDate "2004.08.20"]

1. e4 c5 2. Nf3 d6 3. d4 cxd4 4. Nxd4 Nf6 5. Nc3 a6 6. Bc4 e6 7. Bb3 Nbd7 8.
Be3 Nc5 9. Qe2 Be7 10. O-O-O Qc7 11. f3 O-O 12. g4 b5 13. Rdg1 b4 14. Nd1 Nxb3+
15. axb3 Bb7 16. h4 Rac8 17. h5 d5 18. g5 dxe4 19. gxf6 exf3 20. Rxg7+ Kh8 21.
Qd3 1-0

[Event "XII C.to Italiano U20"]
[Site "Bratto - Castione della Presolana ITA"]
[Date "2004.08.26"]
[Round "7"]
[White "Santagati, Alessandro"]
[Black "Gatterer, Matthias"]
[Result "1-0"]
[WhiteElo "2176"]
[BlackElo "1844"]
[PlyCount "77"]
[EventDate "2004.08.20"]

1. d4 d5 2. c4 e6 3. Nc3 Nf6 4. Bg5 Nbd7 5. e3 Be7 6. Nf3 O-O 7. Qc2 a6 8. h3
dxc4 9. Bxc4 c5 10. a4 cxd4 11. Nxd4 Nb6 12. Be2 Nbd5 13. O-O Bd7 14. Bf3 Rc8
15. Qb3 Bc6 16. Nxc6 bxc6 17. Rfd1 Rb8 18. Qc4 Qb6 19. e4 Nxc3 20. bxc3 Qc5 21.
Qxc5 Bxc5 22. Rab1 Rb6 23. Rxb6 Bxb6 24. Rd6 Rc8 25. e5 Nd5 26. c4 Nb4 27. Bd2
Bc5 28. Rd7 a5 29. Be4 Bb6 30. Rb7 Bc5 31. Kf1 Bd4 32. f4 Ra8 33. Bxb4 axb4 34.
Bxc6 Bc5 35. Rb5 Ra6 36. Rxc5 Rb6 37. Rb5 Rxb5 38. axb5 b3 39. Be4 1-0

[Event "XII C.to Italiano U20"]
[Site "Bratto - Castione della Presolana ITA"]
[Date "2004.08.26"]
[Round "7"]
[White "Scharrer, Patrick"]
[Black "Bonafede, Alessandro"]
[Result "1-0"]
[WhiteElo "2193"]
[BlackElo "2107"]
[PlyCount "95"]
[EventDate "2004.08.20"]

1. e4 c5 2. Nf3 Nc6 3. Nc3 Nf6 4. Bb5 Qc7 5. O-O e5 6. d3 a6 7. Bc4 h6 8. Nd5
Nxd5 9. Bxd5 Be7 10. Ne1 O-O 11. f4 exf4 12. Bxf4 Bd6 13. Bxd6 Qxd6 14. Qh5 Qe7
15. Nf3 d6 16. e5 Nd8 17. Rae1 Be6 18. c4 Qd7 19. exd6 Qxd6 20. Qe5 Qd7 21. Nh4
Rc8 22. Nf5 Bxf5 23. Qxf5 Qxf5 24. Rxf5 Rc7 25. Rfe5 Nc6 26. Bxc6 Rxc6 27. Rd5
Rc7 28. a4 b6 29. Ree5 a5 30. Kf2 Rb8 31. Ke3 Kf8 32. Rd6 Re7 33. Rdd5 f6 34.
Rxe7 Kxe7 35. d4 Rc8 36. b3 Rc7 37. Ke4 g6 38. g4 Rc8 39. h4 Ke6 40. h5 g5 41.
Kd3 Rc6 42. Ke4 Rc8 43. Rf5 Rc7 44. d5+ Kf7 45. d6 Rc8 46. Kd5 Rd8 47. Rf3 Rd7
48. Kc6 1-0

[Event "XII C.to Italiano U20"]
[Site "Bratto - Castione della Presolana ITA"]
[Date "2004.08.26"]
[Round "7"]
[White "Seminara, Antonio"]
[Black "Mora, Lorenzo"]
[Result "0-1"]
[WhiteElo "1937"]
[BlackElo "1844"]
[PlyCount "78"]
[EventDate "2004.08.20"]

1. d4 Nf6 2. Bg5 e6 3. e4 Be7 4. e5 Ne4 5. Bxe7 Qxe7 6. c3 b6 7. Ne2 f6 8. Ng3
Nxg3 9. hxg3 fxe5 10. Qh5+ Qf7 11. Qxe5 O-O 12. f4 d5 13. Bd3 h6 14. Nd2 Ba6
15. Bc2 c5 16. Nf3 Rd8 17. O-O-O Nc6 18. Qe3 cxd4 19. Nxd4 Nxd4 20. Qxd4 Rac8
21. Kb1 Rc6 22. Rde1 Rdc8 23. Rh4 Rc4 24. Qe5 d4 25. Bb3 dxc3 26. Bxc4 Bxc4 27.
bxc3 Qg6+ 28. f5 Bd3+ 29. Ka1 Bxf5 30. Rd4 Qf6 31. Kb2 Qg6 32. Rd7 a5 33. Qd6
Qg5 34. Rd1 Kh7 35. Rb7 Bg4 36. Rd2 Qb5+ 37. Kc1 Rxc3+ 38. Rc2 Qf1+ 39. Kb2
Rxc2+ 0-1

[Event "XII C.to Italiano U20"]
[Site "Bratto - Castione della Presolana ITA"]
[Date "2004.08.26"]
[Round "7"]
[White "Taglione, Stefano"]
[Black "Rombaldoni, Brian"]
[Result "0-1"]
[WhiteElo "1700"]
[BlackElo "1452"]
[PlyCount "70"]
[EventDate "2004.08.20"]

1. e4 c6 2. d4 d5 3. exd5 cxd5 4. c4 e6 5. Nf3 Bb4+ 6. Bd2 Bxd2+ 7. Qxd2 Nf6 8.
Be2 O-O 9. O-O b6 10. Nc3 Bb7 11. cxd5 Nxd5 12. Rac1 Nxc3 13. Rxc3 Nd7 14. Rfc1
Rc8 15. Rxc8 Bxc8 16. Qc2 Bb7 17. Qc7 Qc8 18. Bb5 Nf6 19. Ne5 Nd5 20. Qxc8 Rxc8
21. Rxc8+ Bxc8 22. Nc6 a5 23. Bc4 Bb7 24. Ne5 Kf8 25. a3 Ke7 26. Kf1 f6 27. Nd3
Kd6 28. Ke2 Ne7 29. g4 f5 30. Nf4 e5 31. dxe5+ Kxe5 32. Nd3+ Kd4 33. Be6 Ba6
34. Bxf5 Nxf5 35. gxf5 Bxd3+ 0-1

[Event "XII C.to Italiano U20"]
[Site "Bratto - Castione della Presolana ITA"]
[Date "2004.08.26"]
[Round "7"]
[White "Tomba, Ivan"]
[Black "Lain, Luigi"]
[Result "1/2-1/2"]
[WhiteElo "2292"]
[BlackElo "2243"]
[PlyCount "118"]
[EventDate "2004.08.20"]

1. e4 e5 2. Nf3 Nc6 3. d4 exd4 4. Nxd4 Bc5 5. Nxc6 Qf6 6. Qd2 dxc6 7. Nc3 Be6
8. Na4 Rd8 9. Bd3 Bd4 10. O-O b5 11. c3 bxa4 12. cxd4 Qxd4 13. Rd1 Bg4 14. Re1
Be6 15. Rd1 Bg4 16. Re1 a3 17. Re3 Ne7 18. Qc3 axb2 19. Bxb2 Qxc3 20. Bxc3 Rg8
21. Rg3 Be6 22. f4 f5 23. exf5 Nxf5 24. Rh3 h6 25. g4 Nd6 26. Bh7 Rh8 27. Bg6+
Bf7 28. Bc2 Rg8 29. Bh7 Rh8 30. Bc2 Rg8 31. Bd4 Nb5 32. Re3+ Kd7 33. Bf5+ Kd6
34. Be5+ Kc5 35. a4 Nd4 36. Rc1+ Kb4 37. Be4 Bc4 38. Kf2 Nb3 39. Rb1 Rd2+ 40.
Kg3 Kxa4 41. Bxc6+ Ka3 42. Re4 Kb4 43. Re3 Rd3 44. Rxd3 Bxd3 45. Rxb3+ Kxb3 46.
Bd5+ Bc4 47. Bxg8 Bxg8 48. Bxg7 h5 49. gxh5 Kc4 50. Kg4 Kd5 51. Kf5 Bh7+ 52.
Kf6 Ke4 53. Bh6 c5 54. f5 a5 55. Bc1 c4 56. h6 a4 57. h4 Bxf5 58. h5 a3 59.
Bxa3 Kf4 1/2-1/2

[Event "XII C.to Italiano U20"]
[Site "Bratto - Castione della Presolana ITA"]
[Date "2004.08.26"]
[Round "7"]
[White "Vignoli, Matteo"]
[Black "Fortino, Fabrizio"]
[Result "0-1"]
[WhiteElo "1808"]
[BlackElo "1931"]
[PlyCount "72"]
[EventDate "2004.08.20"]

1. e4 c5 2. Nf3 Nc6 3. d4 cxd4 4. Nxd4 Nf6 5. Nc3 e5 6. Ndb5 d6 7. Nd5 Nxd5 8.
exd5 Ne7 9. c4 Ng6 10. Bd3 Be7 11. O-O f5 12. f3 O-O 13. Be3 a6 14. Nc3 Bd7 15.
Rc1 Qe8 16. b4 Nf4 17. Bxf4 exf4 18. Re1 Qf7 19. Qd2 g5 20. Bf1 Kh8 21. Ne2 Rg8
22. Nd4 Bf6 23. Kh1 g4 24. Rc3 Bh4 25. Rb1 Rg6 26. Qxf4 Bg5 27. Qg3 Bf6 28. Rd3
Qg7 29. Ne6 Bxe6 30. dxe6 Rh6 31. f4 Rg8 32. Rxd6 Bh4 33. Qd3 Be7 34. Rd7 Rxh2+
35. Kg1 g3 36. Rxe7 Rh1+ 0-1

[Event "XII C.to Italiano U20"]
[Site "Bratto - Castione della Presolana ITA"]
[Date "2004.08.26"]
[Round "7"]
[White "Xia, Jie"]
[Black "Drezzadore, Dario"]
[Result "0-1"]
[WhiteElo "2126"]
[BlackElo "1730"]
[PlyCount "104"]
[EventDate "2004.08.20"]

1. e4 e6 2. d4 d5 3. e5 c5 4. c3 Nc6 5. Nf3 Qb6 6. a3 c4 7. g3 Nge7 8. h4 Na5
9. Nbd2 Bd7 10. Bh3 Rc8 11. O-O g6 12. Kh2 Nf5 13. g4 Ng7 14. h5 gxh5 15. gxh5
Nf5 16. Rg1 Qd8 17. Bxf5 exf5 18. Ng5 h6 19. Nh3 Qh4 20. f4 Be6 21. Qf3 Rc6 22.
Nf1 Rb6 23. Ne3 Nb3 24. Nxd5 Bxd5 25. Qxd5 Nxa1 26. Qxc4 Nb3 27. Qc8+ Qd8 28.
Qxd8+ Kxd8 29. Be3 Na5 30. b4 Nc4 31. Bc1 Rh7 32. Rg8 Ke8 33. Rg2 Rg7 34. Ra2
Rg4 35. a4 a5 36. b5 Rh4 37. Kg3 Rxh5 38. Nf2 Rg6+ 39. Kf3 Rh2 40. Ke2 Rgg2 41.
Kd3 Nb6 42. Be3 Nd5 43. Re2 Rg3 44. c4 Nxf4+ 45. Kd2 Bb4+ 46. Kd1 Rg1+ 47. Kc2
Nxe2 48. c5 f4 49. c6 bxc6 50. b6 Kd8 51. Ne4 Nxd4+ 52. Kd3 Rd1+ 0-1

[Event "XII C.to Italiano U20"]
[Site "Bratto - Castione della Presolana ITA"]
[Date "2004.08.27"]
[Round "8"]
[White "Adami, Roberto"]
[Black "Regorda, Massimiliano"]
[Result "1/2-1/2"]
[WhiteElo "1652"]
[BlackElo "1703"]
[PlyCount "88"]
[EventDate "2004.08.20"]

1. e4 e5 2. Nf3 Nc6 3. d4 exd4 4. Bc4 Bb4+ 5. c3 dxc3 6. bxc3 Bc5 7. Bxf7+ Kxf7
8. Qd5+ Ke8 9. Qxc5 Qe7 10. Qe3 Nf6 11. Nbd2 d5 12. c4 dxe4 13. Ba3 Nb4 14.
Bxb4 Qxb4 15. O-O Qb6 16. Nd4 Kf7 17. Rfb1 Qd6 18. Nb5 Qe7 19. Qf4 c6 20. Nc7
Rb8 21. Nd5 cxd5 22. Qxb8 e3 23. Re1 exf2+ 24. Kxf2 Qc5+ 25. Kf1 dxc4 26. Ne4
Qf5+ 27. Kg1 Qg4 28. h3 Qd7 29. Rad1 Qc6 30. Ng5+ Kg6 31. Qe5 Re8 32. Nf3 Qb6+
33. Qd4 Rxe1+ 34. Rxe1 Qxd4+ 35. Nxd4 a6 36. Rc1 b5 37. a4 Bd7 38. axb5 axb5
39. Rb1 c3 40. g4 Nd5 41. Nc2 h5 42. Kf2 b4 43. Nxb4 Nxb4 44. Rxb4 hxg4 1/2-1/2

[Event "XII C.to Italiano U20"]
[Site "Bratto - Castione della Presolana ITA"]
[Date "2004.08.27"]
[Round "8"]
[White "Angelini, Marco"]
[Black "Nizzardo, Mattia"]
[Result "1/2-1/2"]
[WhiteElo "1682"]
[BlackElo "1772"]
[PlyCount "57"]
[EventDate "2004.08.20"]

1. e4 e5 2. Nf3 Nc6 3. Bb5 f5 4. d3 d6 5. Nc3 Nf6 6. Bg5 h6 7. Bxf6 Qxf6 8. Qe2
f4 9. O-O-O a6 10. Ba4 b5 11. Bb3 Bg4 12. h3 Nd4 13. Qf1 Bxf3 14. gxf3 c6 15.
Ne2 Nxf3 16. Qg2 Ng5 17. f3 Ne6 18. c3 c5 19. Bd5 Rc8 20. Kb1 Kf7 21. d4 Be7
22. Rhg1 g6 23. dxe5 dxe5 24. Nc1 Kg7 25. Rd2 c4 26. Rgd1 Nc5 27. Rg1 Qg5 28.
Qf1 Qf6 29. Rdg2 1/2-1/2

[Event "XII C.to Italiano U20"]
[Site "Bratto - Castione della Presolana ITA"]
[Date "2004.08.27"]
[Round "8"]
[White "Bartolini, Leonardo"]
[Black "Taglione, Stefano"]
[Result "1/2-1/2"]
[WhiteElo "1574"]
[BlackElo "1700"]
[PlyCount "26"]
[EventDate "2004.08.20"]

1. e4 e5 2. Nf3 Nc6 3. d4 exd4 4. Nxd4 Bc5 5. Nxc6 Qf6 6. Qd2 dxc6 7. Nc3 Be6
8. Na4 Rd8 9. Bd3 Bd4 10. O-O b5 11. c3 bxa4 12. cxd4 Qxd4 13. Rd1 Bg4 1/2-1/2

[Event "XII C.to Italiano U20"]
[Site "Bratto - Castione della Presolana ITA"]
[Date "2004.08.27"]
[Round "8"]
[White "Bdair, Bilal"]
[Black "Reginato, Mauro"]
[Result "1-0"]
[WhiteElo "2012"]
[BlackElo "1574"]
[PlyCount "85"]
[EventDate "2004.08.20"]

1. d4 d5 2. c4 e6 3. Nc3 Nf6 4. cxd5 exd5 5. Bg5 Nbd7 6. e3 Be7 7. Bd3 b6 8.
Nf3 c5 9. Bb5 O-O 10. Bc6 Rb8 11. Bf4 Bb7 12. Bxb8 Bxc6 13. Bg3 c4 14. O-O h6
15. Ne5 Nxe5 16. dxe5 Ne4 17. Nxe4 dxe4 18. Qxd8 Rxd8 19. Rfd1 Rd3 20. h3 b5
21. Rdc1 Bd5 22. Rc2 b4 23. Rac1 a5 24. Kf1 c3 25. bxc3 Rxc3 26. Rxc3 bxc3 27.
Rxc3 Bxa2 28. Rc8+ Kh7 29. Ra8 Bb4 30. e6 Bc4+ 31. Kg1 Bxe6 32. Bc7 Bd5 33. Ra7
Bc4 34. Bxa5 Bxa5 35. Rxa5 Kg6 36. Kh2 h5 37. Kg3 Kh6 38. h4 g6 39. Kf4 Bf1 40.
g3 f5 41. Ke5 Bc4 42. Kf6 Bb3 43. Ra8 1-0

[Event "XII C.to Italiano U20"]
[Site "Bratto - Castione della Presolana ITA"]
[Date "2004.08.27"]
[Round "8"]
[White "Berardi, Alessandro"]
[Black "Bellemo, Davide"]
[Result "0-1"]
[WhiteElo "1577"]
[BlackElo "1712"]
[PlyCount "132"]
[EventDate "2004.08.20"]

1. e4 e5 2. Nf3 Nc6 3. Bc4 Bc5 4. b4 Bb6 5. a4 a6 6. Nc3 d6 7. Nd5 Ba7 8. h3
Be6 9. c3 Nf6 10. d3 h6 11. O-O Bxd5 12. exd5 Ne7 13. Qb3 O-O 14. Rd1 b5 15.
axb5 axb5 16. Rxa7 Rxa7 17. Bxb5 Nexd5 18. c4 Ne7 19. Be3 Ra8 20. c5 Qb8 21.
Ba4 Nfd5 22. Bd2 Qb7 23. Rb1 Qa6 24. Ra1 Rfb8 25. c6 Nb6 26. b5 Qa7 27. Be3
Ned5 28. Qxd5 Nxd5 29. Bxa7 Rxa7 30. Nd2 Nc3 31. b6 Rxb6 32. Nc4 Rba6 33. Ra3
Nxa4 34. Rb3 Nb6 35. Ne3 Ra3 36. Rb1 Ra1 37. Rxa1 Rxa1+ 38. Kh2 Rc1 39. Nf5 Kf8
40. Kg3 Rxc6 41. f4 Rc3 42. Kg4 exf4 43. Kxf4 Rxd3 44. Ke4 Rd2 45. g4 Rd1 46.
Ke3 Rh1 47. h4 Rh3+ 48. Kd4 g6 49. Ne3 Rxe3 50. Kxe3 Ke7 51. Kd4 c5+ 52. Kd3 d5
53. g5 hxg5 54. hxg5 Ke6 55. Ke3 Ke5 56. Kd3 c4+ 57. Kc3 d4+ 58. Kd2 Ke4 59.
Kc2 Ke3 60. Kd1 d3 61. Ke1 c3 62. Kd1 Nc4 63. Kc1 Na3 64. Kd1 c2+ 65. Kc1 d2+
66. Kb2 c1=Q+ 0-1

[Event "XII C.to Italiano U20"]
[Site "Bratto - Castione della Presolana ITA"]
[Date "2004.08.27"]
[Round "8"]
[White "Bevilacqua, Andrea"]
[Black "Santagati, Alessandro"]
[Result "0-1"]
[WhiteElo "1736"]
[BlackElo "2176"]
[PlyCount "119"]
[EventDate "2004.08.20"]

1. d4 d5 2. Nf3 Nf6 3. c4 e6 4. Bg5 c6 5. e3 h6 6. Bf4 Bb4+ 7. Nbd2 Ne4 8. a3
Nxd2 9. Nxd2 Bd6 10. Bxd6 Qxd6 11. c5 Qe7 12. f4 Nd7 13. Bd3 O-O 14. Qh5 b6 15.
b4 a5 16. Ke2 Ba6 17. g4 Bxd3+ 18. Kxd3 axb4 19. axb4 bxc5 20. bxc5 Rxa1 21.
Rxa1 Nf6 22. Qh4 Qb7 23. Ke2 Qb5+ 24. Kf3 Qd3 25. Qf2 Rb8 26. Qe2 Qc3 27. Rb1
Ra8 28. Rb3 Qc2 29. g5 Ne4 30. Rd3 Ra2 31. gxh6 Nxd2+ 32. Kg4 Nc4 33. Qxc2 Rxc2
34. hxg7 Rxh2 35. f5 Kxg7 36. fxe6 fxe6 37. Rb3 Rb2 38. Rc3 Kf6 39. e4 Rg2+ 40.
Kf3 Ra2 41. exd5 exd5 42. Kg4 Rd2 43. Rf3+ Ke6 44. Rf4 Ne3+ 45. Kf3 Nf5 46. Rg4
Kf6 47. Rg8 Rxd4 48. Rc8 Ne7 49. Ra8 Rc4 50. Ra5 Rc3+ 51. Ke2 Ke5 52. Kd2 Kd4
53. Ra7 Nf5 54. Rf7 Ng3 55. Rh7 Ne4+ 56. Kd1 Rh3 57. Rg7 Kd3 58. Kc1 Rh2 59.
Rf7 Rc2+ 60. Kd1 0-1